Alex Jones Epic Rant - transcript - Statistics

General Stats
  • This quiz has been taken 40 times
  • The average score is 104 of 195
Answer Stats
Answer % Correct
by
100%
Justin
100%
Bieber
93%
The
93%
the
93%
to
93%
down
87%
a
80%
I
80%
waterline
80%
an
73%
circumnavigated
73%
Magellan
73%
when
73%
cooler
67%
mechanics
67%
Quantum
67%
rotting
67%
ship
67%
than
67%
then
67%
was
67%
it
60%
kids
60%
lot
60%
mean
60%
of
60%
Portugal
60%
secrets
60%
there
60%
universe
60%
who
60%
you
60%
all
53%
and
53%
destiny
53%
entire
53%
fiery
53%
He
53%
hundred
53%
in
53%
is
53%
It's
53%
its
53%
Its
53%
Jefferson
53%
Mathematics
53%
mind
53%
natives
53%
That's
53%
They
53%
they
53%
Thomas
53%
two
53%
with
53%
about
47%
back
47%
carbon
47%
crew
47%
eleven
47%
football
47%
Gaga
47%
got
47%
killed
47%
or
47%
planet
47%
tax
47%
wild
47%
basketball
40%
beauty
40%
Lady
40%
look
40%
one
40%
only
40%
police
40%
some
40%
striving
40%
talking
40%
up
40%
your
40%
act
33%
being
33%
cybersecurity
33%
good
33%
know
33%
Life
33%
Magellan's
33%
messages
33%
mindless
33%
Nikola
33%
people
33%
shatter
33%
something
33%
Tesla
33%
trailblazer
33%
want
33%
will
33%
alive
27%
before
27%
children
27%
explorer
27%
into
27%
like
27%
looking
27%
pass
27%
space
27%
state's
27%
tell
27%
these
27%
twit
27%
vassals
27%
are
20%
detail
20%
Going
20%
guns
20%
hand
20%
love
20%
says
20%
turned
20%
gives
13%
gotta
13%
instead
13%
now
13%
Tuning
13%
incredible
7%
No matching quizzes found
Score Distribution
Percent of People with Each Score
Percentile by Number Answered
Your Score History
You have not taken this quiz